Mind the gap (Record no. 103896)

MARC details
000 -LEADER
fixed length control field 00407cam a2200157 4500
001 - CONTROL NUMBER
control field J128354
008 - FIXED-LENGTH DATA ELEMENTS--GENERAL INFORMATION
fixed length control field 041220n2004 000 0 eng u
035 ## - SYSTEM CONTROL NUMBER
System control number (Sirsi) u128354
041 ## - LANGUAGE CODE
Language code of text/sound track or separate title eng
100 ## - MAIN ENTRY--PERSONAL NAME
Personal name Minton, Anna
245 ## - TITLE STATEMENT
Title Mind the gap
Remainder of title tackling social polarisation through balanced communities
260 ## - PUBLICATION, DISTRIBUTION, ETC.
Place of publication, distribution, etc. London
Name of publisher, distributor, etc. RICS
Date of publication, distribution, etc. 2004
520 ## - SUMMARY, ETC.
Summary, etc. View at www.rics.org.
856 ## - ELECTRONIC LOCATION AND ACCESS
Uniform Resource Identifier <a href=""></a>
942 ## - ADDED ENTRY ELEMENTS (KOHA)
Suppress in OPAC 0

No items available.